Stock market capitalism, welfare capitalism : Japan and Germany versus the Anglo-Saxons

The book analyzes the contrasting forms of capitalism: the shareholder-oriented systems of Anglo-Saxon countries versus the stakeholder-oriented systems of Japan and Germany, exploring how these institutional differences affect corporate governance, labor relations, and welfare policies.

Na minha lista:
Detalhes bibliográficos
Autor principal: Dore, Ronald
Formato: Livro
Idioma:Vietnamese
Publicado em: Oxford Oxford University Press 2000
Assuntos:
Tags: Adicionar Tag
Sem tags, seja o primeiro a adicionar uma tag!
Thư viện lưu trữ: Thư viện Trường Đại học Nam Cần Thơ
LEADER 01036nam a22001937a 4500
001 NCT_4_026470
008 251007b xxu||||| |||| 00| 0 vie d
999 |c 9309  |d 9309 
020 |a 9780199240616  |c 923000 
082 0 4 |2 23rd ed.  |a 338.9  |b D695 
100 1 |a Dore, Ronald 
245 1 0 |a Stock market capitalism, welfare capitalism :  |b Japan and Germany versus the Anglo-Saxons  |c Ronald Dore 
260 |a Oxford   |b Oxford University Press  |c 2000 
300 |a 288 p.  |c 23cm 
520 3 |a The book analyzes the contrasting forms of capitalism: the shareholder-oriented systems of Anglo-Saxon countries versus the stakeholder-oriented systems of Japan and Germany, exploring how these institutional differences affect corporate governance, labor relations, and welfare policies. 
653 |a Quản trị kinh doanh 
942 |2 ddc  |c BK 
952 |0 0  |1 0  |2 ddc  |4 0  |6 338_900000000000000_D695  |7 0  |9 31443  |a 000001  |b 000001  |d 2025-10-07  |o 338.9 D695  |p MD.24462  |r 2025-10-07  |v 999999.99  |w 2025-10-07  |y BK 
980 |a Thư viện Trường Đại học Nam Cần Thơ